التفاوض الناجح: (Record no. 10257)
[ view plain ]
| 000 -LEADER | |
|---|---|
| fixed length control field | 00483nam a22001457a 4500 |
| 008 - FIXED-LENGTH DATA ELEMENTS--GENERAL INFORMATION | |
| fixed length control field | 081029t xxu||||| |||| 00| 0 eng d |
| 020 ## - INTERNATIONAL STANDARD BOOK NUMBER | |
| International Standard Book Number | 9953335974 |
| 082 ## - DEWEY DECIMAL CLASSIFICATION NUMBER | |
| Edition number | 22 |
| Classification number | 658.4052 |
| Item number | ت ف ا |
| 245 ## - TITLE STATEMENT | |
| Title | التفاوض الناجح: |
| Remainder of title | برنامج للتطوير الذاتى/ |
| Statement of responsibility, etc | مكتبة لبنان |
| 260 ## - PUBLICATION, DISTRIBUTION, ETC. (IMPRINT) | |
| Place of publication, distribution, etc | بيروت: |
| Name of publisher, distributor, etc | مكتبة لبنان، |
| Date of publication, distribution, etc | 2004 |
| 300 ## - PHYSICAL DESCRIPTION | |
| Extent | 93؛ص |
| Dimensions | 24 سم |
| 500 ## - GENERAL NOTE | |
| General note | catalogued by: Wessam |
| 710 ## - ADDED ENTRY--CORPORATE NAME | |
| 9 (RLIN) | 17085 |
| Corporate name or jurisdiction name as entry element | مكتبة لبنان |
| 942 ## - ADDED ENTRY ELEMENTS (KOHA) | |
| Source of classification or shelving scheme | Dewey Decimal Classification |
| Item type | Book - Borrowing |
| Withdrawn status | Item status | Source of classification or shelving scheme | Damaged status | Not for loan | Vendor | Home library | Current library | Shelving location | Date acquired | Source of acquisition | Total Checkouts | Full call number | Barcode | Date last seen | Date last borrowed | Koha item type |
|---|---|---|---|---|---|---|---|---|---|---|---|---|---|---|---|---|
| Dewey Decimal Classification | Central Library | Central Library | First floor | 29/10/2008 | 3 | 658.4052 ت ف ا | 000013599 | 14/03/2026 | 25/02/2026 | Book - Borrowing |